|
|
|
|
| LEADER |
01819nam a2200445 i 4500 |
| 001 |
EBC4833700 |
| 003 |
MiAaPQ |
| 005 |
20200520144314.0 |
| 006 |
m o d | |
| 007 |
cr cnu|||||||| |
| 008 |
170412t20172017njua o 001 0 eng d |
| 020 |
|
|
|z 9781119243755
|
| 020 |
|
|
|a 9781119243878
|q (electronic bk.)
|
| 035 |
|
|
|a (MiAaPQ)EBC4833700
|
| 035 |
|
|
|a (Au-PeEL)EBL4833700
|
| 035 |
|
|
|a (CaPaEBR)ebr11367848
|
| 035 |
|
|
|a (OCoLC)979992123
|
| 040 |
|
|
|a MiAaPQ
|b eng
|e rda
|e pn
|c MiAaPQ
|d MiAaPQ
|
| 050 |
|
4 |
|a HG1709
|b .W557 2017
|
| 082 |
0 |
|
|a 332.1068/4
|2 23
|
| 100 |
1 |
|
|a Wilson, Jay D.,
|d 1981-
|e author.
|
| 245 |
1 |
0 |
|a Creating strategic value through financial technology /
|c Jay D. Wilson, Jr.
|
| 264 |
|
1 |
|a Hoboken, New Jersey :
|b Wiley,
|c 2017.
|
| 264 |
|
4 |
|c 2017
|
| 300 |
|
|
|a 1 online resource (268 pages) :
|b illustrations, tables.
|
| 336 |
|
|
|a text
|2 rdacontent
|
| 337 |
|
|
|a computer
|2 rdamedia
|
| 338 |
|
|
|a online resource
|2 rdacarrier
|
| 490 |
1 |
|
|a Wiley Finance Series
|
| 500 |
|
|
|a Includes index.
|
| 588 |
|
|
|a Description based on print version record.
|
| 590 |
|
|
|a Electronic reproduction. Ann Arbor, MI : ProQuest, 2016. Available via World Wide Web. Access may be limited to ProQuest affiliated libraries.
|
| 650 |
|
0 |
|a Financial services industry
|x Technological innovations.
|
| 650 |
|
0 |
|a Financial services industry
|x Planning.
|
| 650 |
|
0 |
|a Strategic planning.
|
| 655 |
|
4 |
|a Electronic books.
|
| 776 |
0 |
8 |
|i Print version:
|a Wilson, Jay D., 1981-
|t Creating strategic value through financial technology.
|d Hoboken, New Jersey : Wiley, c2017
|h xv, 267 pages
|k Wiley finance series.
|z 9781119243755
|w 2016059817
|
| 797 |
2 |
|
|a ProQuest (Firm)
|
| 830 |
|
0 |
|a Wiley finance series.
|
| 856 |
4 |
0 |
|u https://ebookcentral.proquest.com/lib/matrademy/detail.action?docID=4833700
|z Click to View
|